| Tag |
First Indicator |
Second Indicator |
Subfields |
| LEADER |
00000cjm a2200000Ia 4500 |
| 001 |
in00002749721 |
| 005 |
20151202170146.0 |
| 007 |
sd fzngnn|||ed |
| 008 |
091208r19991992txucynn n eng d |
| 024 |
1 |
0 |
|a 662582702828
|
| 028 |
0 |
2 |
|a 0001-CD
|b Misery Loves Co.
|
| 028 |
0 |
2 |
|a 7028-2
|b Smith Entertainment
|
| 035 |
|
|
|a (OCoLC)ocm52927498
|
| 035 |
|
|
|a (OCoLC)ocn52927498
|
| 035 |
|
|
|a (OCoLC)52927498
|
| 040 |
|
|
|a JTA
|c JTA
|d OCLCQ
|d OCLCG
|d RCS
|d TEF
|d TXA
|d UtOrBLW
|
| 049 |
|
|
|a TXAM
|
| 050 |
1 |
4 |
|a M1630.18.H83
|b L67 1999
|
| 082 |
0 |
4 |
|a 782.42162
|2 22
|
| 090 |
|
|
|a M1630.18.H836
|b L67 1999
|
| 100 |
1 |
|
|a Hubbard, Ray Wylie.
|
| 245 |
1 |
0 |
|a Lost train of thought /
|c Ray Wylie Hubbard.
|
| 264 |
|
1 |
|a Wimberley, Tex. :
|b Misery Loves Co.,
|c [1999]
|
| 264 |
|
4 |
|c ℗1999
|
| 300 |
|
|
|a 1 sound disc :
|b digital ;
|c 4 3/4 in.
|
| 336 |
|
|
|a performed music
|b prm
|2 rdacontent
|
| 337 |
|
|
|a audio
|b s
|2 rdamedia
|
| 338 |
|
|
|a audio disc
|b sd
|2 rdacarrier
|
| 500 |
|
|
|a Compact disc.
|
| 508 |
|
|
|a Produced by Ray Wylie Hubbard.
|
| 511 |
0 |
|
|a Ray Wylie Hubbard, acoustic rhythm guitar, vocals, with accompanying musicians.
|
| 500 |
|
|
|a All songs written by Ray Wylie Hubbard except "Here comes the night" and "Love in vain" written by Ray Wylie Hubbard and Terry Ware.
|
| 518 |
|
|
|a Originally released in 1992 on Misery Loves Co. Records; recorded at Sound Logic Studios, Garland, Tex.
|
| 505 |
0 |
0 |
|t Here comes the night --
|t Sweet lips goodbye --
|t Basics of love --
|t These eyes /
|r with Willie Nelson --
|t When she sang Amazing grace --
|t Runaway freight train --
|t Portales --
|t Rockabilly rock --
|t Love in vain --
|t Twist of fate --
|t Wanna rock and roll.
|
| 500 |
|
|
|a Sound recording.
|
| 650 |
|
0 |
|a Rockabilly music.
|
| 650 |
|
0 |
|a Rock music
|y 1991-2000.
|
| 650 |
|
0 |
|a Country music
|y 1991-2000.
|
| 650 |
|
0 |
|a Compact discs.
|
| 700 |
1 |
|
|a Nelson, Willie,
|d 1933-
|
| 948 |
|
|
|a cataloged
|b h
|c 2012/5/1
|d c
|e jstorlie
|f 10:29:26 am
|
| 994 |
|
|
|a C0
|b TXA
|
| 999 |
|
|
|a MARS
|
| 999 |
f |
f |
|s c76e0cb7-25e8-340f-b866-fa402befe85d
|i 0cf57f6b-3274-37ca-82ae-312003c5cdfc
|t 0
|
| 952 |
f |
f |
|p ric
|a Texas A&M University
|b Rellis Campus
|c Joint Library Facility
|d Remote Storage
|t 0
|e M1630.18.H836 L67 1999
|h Library of Congress classification
|i audio -- audio disc
|m A14841397714
|
| 998 |
f |
f |
|a M1630.18.H836 L67 1999
|t 0
|l Remote Storage
|